Top 5 meilleurs buteur de Liga depuis 2014 - Statistiques

Statistiques générales
  • Ce quiz a été pris 1 522 fois
  • Le résultat moyen est 29 sur 40
Statistiques - réponses
2021/22 % Correct
2 Cristiano Ronaldo
99%
3 Cristiano Ronaldo
99%
2 Cristiano Ronaldo
99%
1 Cristiano Ronaldo
99%
1 Lionel Messi
99%
1 Lionel Messi
99%
1 Lionel Messi
99%
1 Lionel Messi
99%
1 Lionel Messi
99%
3 Lionel Messi
99%
2 Lionel Messi
99%
1 Karim Benzema
98%
3 Karim Benzema
98%
2 Karim Benzema
98%
2 Karim Benzema
98%
5 Karim Benzema
98%
4 Luis Suarez
95%
4 Luis Suarez
95%
3 Luis Suarez
95%
3 Luis Suarez
95%
2 Luis Suarez
95%
1 Luis Suarez
95%
4 Neymar
89%
3 Neymar
89%
5 Antoine Griezmann
87%
4 Antoine Griezmann
87%
2 Vinicius Junior
67%
4 Iago Aspas
53%
4 Iago Aspas
53%
4 Iago Aspas
53%
4 Iago Aspas
53%
2 Gerard Moreno
34%
3 Gerard Moreno
34%
3 Raul de Tomas
8%
5 Youssef En-Nesyri
8%
5 Carlos Bacca
5%
5 Cristhian Stuani
4%
5 Cristhian Stuani
4%
5 Raul Garcia
4%
5 Juanmi
3%
Aucun quiz correspondant
Distribution des résultats
% des personnes avec chaque résultat
Percentile par nombre de réponses
Votre historique - résultats
Vous n’avez pas pris ce quiz